000 00306nam a22001337a 4500
008 170206b xxu||||| |||| 00| 0 eng d
020 _a0409951811
041 _aeng
080 _a61
100 _a3
101 _aSHM
245 _aLYMPHOPROLIFERATIVE DISORDERS OF SKIN
_cGEORGE .F MURPHY
942 _2udc
_cBK
999 _c4705
_d4705